000 00433 a2200169 4500
001 191541
020 _a978-85-16-09433-1
040 _cMagnum
100 _aPrado, Ricardo
240 1 0 _aNo meio da bicharada: histórias de bichos do brasil
_lpor
245 1 0 _aNo meio da bicharada: histórias de bichos do brasil
300 _a71
362 0 _a2014
440 1 _aModerna
697 _aLITERATURA INFANTO-JUVENIL
942 _cBK
999 _c191541
_d191541